Southville International School and Colleges
Your cart is empty.
  • Cart
  • Lists
    Public lists Eva Luna New books Lux_list list_1
    Your lists Log in to create your own lists
  • Log in to your account
  • Your cookies
  • Search history
Southville International School and Colleges
  • Advanced search
  • Recent comments
  • Most popular
  • Libraries

Log in to your account

Log in with GOOGLE


If you do not have an external account, but do have a local account, you can still log in:

  1. Home
  2. MARC view: Music listening today /
Normal view MARC view ISBD view

Music listening today / (Record no. 9491)

[ view plain ]
MARC details
000 -LEADER
fixed length control field 00828pam a2200253 a 4500
001 - CONTROL NUMBER
control field 4508470
003 - CONTROL NUMBER IDENTIFIER
control field SISC
005 - DATE AND TIME OF LATEST TRANSACTION
control field 20160316141838.0
008 - FIXED-LENGTH DATA ELEMENTS--GENERAL INFORMATION
fixed length control field 980824s1999 cauam 001 0 eng
010 ## - LIBRARY OF CONGRESS CONTROL NUMBER
LC control number 98042563
020 ## - INTERNATIONAL STANDARD BOOK NUMBER
International Standard Book Number 9780534513603
040 ## - CATALOGING SOURCE
Original cataloging agency DLC
Transcribing agency DLC
Modifying agency DLC
050 00 - LIBRARY OF CONGRESS CALL NUMBER
Classification number M T6 .H 565
Item number .M87 1998
082 00 - DEWEY DECIMAL CLASSIFICATION NUMBER
Classification number HS 781.17
Item number H67 1998
100 1# - MAIN ENTRY--PERSONAL NAME
Personal name Hoffer, Charles R.
9 (RLIN) 13820
245 10 - TITLE STATEMENT
Title Music listening today /
Statement of responsibility, etc by Charles R. Hoffer.
260 ## - PUBLICATION, DISTRIBUTION, ETC. (IMPRINT)
Place of publication, distribution, etc Belmont, CA :
Name of publisher, distributor, etc Wadsworth Pub. Co.,
Date of publication, distribution, etc c1999.
300 ## - PHYSICAL DESCRIPTION
Extent 362 p. :
Other physical details ill. (some col.) ;
Dimensions 28 cm.
Accompanying material 2 sound discs (digital ; 4 3/4 in.)
650 #0 - SUBJECT ADDED ENTRY--TOPICAL TERM
Topical term or geographic name as entry element Music appreciation.
9 (RLIN) 12804
906 ## - LOCAL DATA ELEMENT F, LDF (RLIN)
a 7
b cbc
c orignew
d 1
e ocip
f 19
g y-gencatlg
942 ## - ADDED ENTRY ELEMENTS (KOHA)
Source of classification or shelving scheme Library of Congress Classification
Koha item type Books
Holdings
Withdrawn status Lost status Source of classification or shelving scheme Damaged status Home library Current library Shelving location Date acquired Total Checkouts Full call number Barcode Date last seen Date checked out Copy number Price effective from Koha item type
    Library of Congress Classification   Luxembourg Library Luxembourg Library High School Section 08/27/2013 1 MT 6.H565 .M87 1998 7754 12/02/2019 11/13/2019 1 10/03/2013 Books

Music listening today /

APA

Hoffer C. R., . (1999). Music listening today. Belmont, CA: Wadsworth Pub. Co.

Chicago

Hoffer Charles R, . 1999. Music listening today. Belmont, CA: Wadsworth Pub. Co.

Harvard

Hoffer C. R., . (1999). Music listening today. Belmont, CA: Wadsworth Pub. Co.

MLA

Hoffer Charles R, . Music listening today. Belmont, CA: Wadsworth Pub. Co. 1999.

  • Place hold
  • Print
  • Cite
  • Add to your cart (remove)
  • Save record
    BIBTEX Dublin Core MARCXML MARC (non-Unicode/MARC-8) MARC (Unicode/UTF-8) MARC (Unicode/UTF-8, Standard) MODS (XML) RIS
  • More searches
    Search for this title in:
    Other Libraries (WorldCat) Other Databases (Google Scholar) Online Stores (Bookfinder.com) Open Library (openlibrary.org)

Exporting to Dublin Core...

SOUTHVILLE LIBRARY

Southville International School and Colleges Library

1281 Tropical Ave. Cor. Luxembourg St., BF Homes International, Las Pinas City

Tel. No. 8256374 / 252358 Loc. 117/146

Powered by Koha